[Event "EU-chT (Men) 12th"]
[Site "Batumi"]
[Date "1999.12.02"]
[Round "4.1"]
[White "Onischuk, Alexander"]
[Black "Filippov, Valerij"]
[Result "1/2-1/2"]
[WhiteElo "2657"]
[BlackElo "2605"]
[Annotator "Rogozenco,D"]
[PlyCount "76"]
[EventDate "1999.11.06"]
[EventType "team-swiss"]
[EventRounds "9"]
[EventCountry "GEO"]
[SourceTitle "CBM 074"]
[Source "ChessBase"]
[SourceDate "2000.02.01"]
[SourceVersion "1"]
[SourceVersionDate "2000.02.01"]
[SourceQuality "1"]
[WhiteTeam "Ukraine"]
[BlackTeam "Russia"]
[WhiteTeamCountry "UKR"]
[BlackTeamCountry "RUS"]

1. e4 c5 2. Nf3 Nc6 3. d4 cxd4 4. Nxd4 Nf6 5. Nc3 e6 6. Ndb5 d6 7. Bf4 e5 8.
Bg5 a6 9. Na3 b5 10. Nd5 Be7 11. Bxf6 Bxf6 12. c3 O-O (12... Ne7 {becomes more
and more popular nowadays, which doesn't necessary mean that there is
something wrong with the main line.}) 13. Nc2 Bg5 14. a4 bxa4 15. Rxa4 a5 16.
Bc4 (16. Bb5) 16... Rb8 17. b3 Kh8 18. h4 {Strictly speaking this is not a
novelty, although it wasn't played at a high level before.} Bh6 19. Nce3 (19.
g4 Bf4 {and Black is fine.}) 19... Bxe3 20. Nxe3 Ne7 (20... Be6 21. h5 h6 22.
O-O $14) 21. O-O (21. h5 h6 22. O-O f5 23. exf5 Nxf5 24. Nxf5 Bxf5 $11) 21...
f5 22. exf5 Nxf5 23. Nxf5 Bxf5 $11 {As usual White has a formal edge here, but
practicaly Black has no real difficulties to hold the position. So it won't be
wrong to say that the position is equal.} 24. Qd5 Bg6 25. g3 (25. Rxa5 $4 Bf7
$19) 25... Be8 26. Raa1 Bf7 $5 (26... a4 27. bxa4 Rc8 $44 {is another way to
sac temporarily a pawn. The game continuation is even more ambitious - White
should be careful against Black's central pawns.}) 27. Qxa5 d5 {in Sveshnikov
variation if Black succeeds to push the d-pawn, he is usualy out of danger (to
say the least).} 28. Bb5 Qf6 {Black has strong pawns in the center and good
attacking possibilities on the kingside. In addition White needs some time to
bring back his pieces. As a result of this Black has good compensation for the
pawn, but it is not enough for an advantage.} 29. c4 d4 30. Qd2 Bh5 (30... Qf3
31. Qd1 {brings Black nothing.}) 31. Qg5 {thanks to this manoeuvre, White is
able to exchange Queens. Otherwise, if Black would succed to play h7-h6,
White's position could become dangerous. Now draw is the most expected result.}
(31. b4 Bf3 (31... e4 32. Rfe1 (32. Ra7 $2 e3 $19) 32... Bf3 33. Ra7 d3 $44)
32. Ra7 Qf5 33. Qg5 (33. Kh2 d3) (33. Bd7 Qf7 $17 34. c5 $2 Rbd8 35. c6 Bxc6
$19) 33... Qxg5 34. hxg5 Rf5 $11) (31. Ra6 Qf5 $44) 31... Qxg5 32. hxg5 Bf3 $15
{Black is slightly better, but with accurate play White probably achieves the
draw.} 33. Rfe1 Rf5 (33... d3 $5 {The only real attempt to play for a win is
connected with this advance. In the game Black tries to play very safe, but
this is not enough and White achieves easily the draw.}) 34. Bd7 $1 Rxg5 35.
Bh3 Rxb3 (35... d3 {Again this advance was called for.} 36. Bg2 d2 37. Reb1 Be2
$1 38. Bf1 Bh5 39. b4 $140 Rd8 $17) 36. Bg2 h5 (36... Bxg2 37. Kxg2 h6 38. Ra5
Rc3 39. Raxe5 Rxe5 40. Rxe5 Rxc4 41. Rd5 {is an easy draw.}) 37. Ra5 h4 38.
Raxe5 Rxe5 1/2-1/2

[Event "Corus"]
[Site "Wijk aan Zee"]
[Date "2000.01.25"]
[Round "9"]
[White "Polgar, Judit"]
[Black "Leko, Peter"]
[Result "1/2-1/2"]
[WhiteElo "2658"]
[BlackElo "2725"]
[Annotator "Rogozenco,D"]
[PlyCount "67"]
[EventDate "2000.01.15"]
[EventType "tourn"]
[EventRounds "13"]
[EventCountry "NED"]
[EventCategory "18"]
[SourceTitle "CBM 075"]
[Source "ChessBase"]
[SourceDate "2000.04.05"]
[SourceVersion "1"]
[SourceVersionDate "2000.04.05"]
[SourceQuality "1"]

1. e4 c5 2. Nf3 Nc6 3. d4 cxd4 4. Nxd4 Nf6 5. Nc3 e5 6. Ndb5 d6 7. Bg5 a6 8.
Na3 b5 9. Bxf6 gxf6 10. Nd5 f5 11. c3 Bg7 12. exf5 Bxf5 13. Nc2 O-O 14. Nce3
Bg6 $5 15. h4 Be4 16. h5 Qg5 17. Be2 (17. Rh3 Kh8 18. Rg3 Qh6 $13 {0,5
Timman-Leko/Sarajevo 1999 (45)}) 17... Ra7 18. Bf3 Bxf3 19. Qxf3 (19. gxf3 $5 {
This unusual idea to complicate things looks quite interesting here.} Ne7 (
19... Rd7 20. Qd3 $14) (19... f5 20. Nb6 $16) 20. Nxe7+ Rxe7 21. Qxd6 Re6 22.
Qc5 Qf4 $44 (22... Rd8 23. Rd1 Rxd1+ 24. Kxd1 $14)) 19... f5 $132 20. h6 Bxh6
21. Rh5 Qg6 22. Rxf5 Raf7 23. Rxf7 Rxf7 24. Qg4 Bxe3 25. Nxe3 Qxg4 26. Nxg4 Kf8
$11 27. Ke2 b4 28. Rh1 (28. cxb4 Nd4+ 29. Kf1 Rf4 30. f3 (30. Ne3 $2 Rh4 $1 31.
Kg1 Ne2+ 32. Kf1 Ng3+ $19) 30... e4 $36) 28... bxc3 29. bxc3 Rf4 30. Ne3 Ra4
31. Rxh7 Rxa2+ 32. Kf3 Ne7 33. c4 a5 34. Rh8+ 1/2-1/2

[Event "EU-chT (Men) 12th"]
[Site "Batumi"]
[Date "1999.12.04"]
[Round "6.1"]
[White "Leko, Peter"]
[Black "Krasenkow, Michal"]
[Result "1/2-1/2"]
[WhiteElo "2701"]
[BlackElo "2647"]
[Annotator "Rogozenco,D"]
[PlyCount "148"]
[EventDate "1999.11.06"]
[EventType "team-swiss"]
[EventRounds "9"]
[EventCountry "GEO"]
[SourceTitle "CBM 074"]
[Source "ChessBase"]
[SourceDate "2000.02.01"]
[SourceVersion "1"]
[SourceVersionDate "2000.02.01"]
[SourceQuality "1"]
[WhiteTeam "Hungary"]
[BlackTeam "Poland"]
[WhiteTeamCountry "HUN"]
[BlackTeamCountry "POL"]

1. e4 c5 2. Nf3 Nc6 3. d4 cxd4 4. Nxd4 Nf6 5. Nc3 e5 6. Ndb5 d6 7. Bg5 a6 8.
Na3 b5 9. Bxf6 gxf6 10. Nd5 f5 11. Bd3 Be6 12. O-O Bxd5 13. exd5 Ne7 14. c3 Bg7
15. Qh5 e4 16. Bc2 O-O {One could consider this line to be the main in
Sveshnikov variation. White's plan was introduced into practice by S.Dolmatov,
and then regulary played between other GMs by Z.Almasi. With Black the biggest
specialist is definitely M.Krasenkow. In my opinion this position is extremely
complicated (first of all from the strategical point of view), and although
the practical results are not bad for Black, I think that Black's moves
require a very subtle play.} (16... Qc8) 17. Rae1 (17. Rad1 {is another
possibility. But with such move order (16 ... 0-0), Black has an additional
possibility here (comparing with the usual Qc8-c5) - Rc8-c5! bringing the Rook
on c5, not the Queen.} Rc8 $5 $13) 17... Qc8 18. Kh1 (18. Bb1 {could be a
little bit more precise move order.}) (18. f3 $6 b4 $1 19. Nb1 bxc3 20. bxc3
Nxd5 21. fxe4 Qc5+ 22. Kh1 Ne3 $17 {0-1 Joecks,C-Hansen,S/Hamburg GER 1999 (44)
}) 18... Ng6 (18... b4 19. cxb4 $1 Bxb2 20. Re3 f6 21. g4 Bxa3 22. gxf5 Rf7 23.
Rg1+ $16 {1/2-1/2 Tseshkovsky,V-Krasenkow,M/Voskresensk 1992/(35)}) 19. Bb1 b4
$146 {This is probably a novelty here. It's not easy to say if it is a real
improvement of Krasenkow over his own game against Almasi, Malmo 1995.} (19...
Re8 20. f4 exf3 21. Qxf3 Rxe1 22. Rxe1 f4 $14 {Almasi Z.-Krasenkow/Malmo/1995})
20. cxb4 Bxb2 21. Nc2 (21. Re3 Bg7 $13 22. f3 $140 (22. Rh3 h6) 22... Nf4)
21... Bc3 22. Re2 (22. Re3 Bg7 23. Rd1 a5 24. b5 Nf4 25. Qg5 Ng6 26. Nd4 Bxd4
$19) 22... Bg7 23. f4 exf3 24. Qxf3 f4 25. Ne1 Qc4 26. Qe4 (26. Nd3 $5 a5 (
26... Rfc8 27. Re4 Qc3 28. Nxf4 Qxf3 29. gxf3 {and White is clear better.}) 27.
Rc1 Qd4 28. Qe4 axb4 29. Nxb4 $14 {it seems that Black still has to face real
problems here. The Knight on c6 is very strong.} Qxe4 30. Rxe4 Rfc8 31. Rxc8+
Rxc8 32. Nc6 $16 {and White is very active.}) 26... Rfc8 27. Nd3 a5 $132 28.
bxa5 (28. Rc1 Qxe4 29. Rxc8+ Rxc8 30. Rxe4 Ne5 31. Kg1 (31. Rxf4 $2 Rc3 $1 $19)
31... Rc3 32. Nxe5 Rc1+ 33. Kf2 dxe5 $132) (28. a3 $5) (28. Qxc4 Rxc4 29. b5
Rb8 $11) 28... Qxe4 29. Rxe4 Rxa5 30. Nxf4 Be5 {Black succeeded to place all
the pieces very active and White cannot hold his extra pawn. But thanks to his
passed a-pawn, which is always potentialy dangerous, White can still try to
play for a win, although Black should reach the draw without major
difficulties.} 31. Nd3 Bc3 32. Nf4 Be5 33. Nd3 (33. Nxg6 $6 hxg6 34. Rd1 $2
Rxd5 $15) 33... Bc3 34. Re3 Rxd5 35. Bc2 $14 Bd2 36. Bb3 Bxe3 37. Bxd5 Rc7 38.
Bb3 (38. a4 Ne5 $11) 38... Ne5 39. Nb4 Rc1 40. Rxc1 Bxc1 41. a4 Bd2 42. Nd5 Kf8
43. Kg1 {White is much better, of course, but the question is whether the
position is winning or not. Black´s King goes to the Queenside to stop the
a-pawn and White´s chance is to do something on the oposite side. In my
opinion Black should be able to hold the position.} Nd3 44. Bc2 Nc5 45. Kf2 h6
46. Ke2 (46. Kf3 {/\Kg4-h5.} Ke8 47. Kg4 Ne6 {White didn´achieve much.}) 46...
Bg5 47. g3 (47. a5 Ke8 (47... Bd8 $2 {Black needs d8 square for the King.} 48.
Nb6 Ke7 49. Kf3 $1 Bxb6 50. axb6 Kd7 51. Kg4 Kc6 52. Kh5 d5 53. Kxh6 d4 54. Kg7
{looks very dangerous for Black.}) 48. Bd3 Kd7 49. a6 Kc8 (49... Kc6 50. Bb5+
$1 $18) 50. Bb5 Kb8 {the King came just in time. Although White remains clear
better, I don´t see a forced win, e.g.} 51. Nb4 Ka7 52. Nc6+ Kb6 53. a7 Kb7 54.
Bc4 Ne6 55. Ba6+ Ka8) 47... Ke8 48. h4 Bc1 49. a5 Kd7 50. Bd3 Kc6 51. Nb4+ (51.
a6 $2 Nxa6) 51... Kb7 52. g4 Bb2 53. Nd5 Nd7 (53... Nxd3 $2 54. Kxd3 Ka6 55.
Ne3 Bf6 56. Nf5 d5 57. h5 Bg5 58. Kd4 Kxa5 59. Nd6 f6 60. Kxd5 Kb6 61. Ne4 $18)
54. a6+ Kb8 55. Ne7 Ne5 56. Be4 Ka7 57. Bb7 d5 (57... Nxg4 $2 58. Nc6+ Kb6 59.
Bc8 $18) 58. Nc8+ Kb8 59. Bxd5 Bd4 $11 {Just in time!} 60. Ne7 Bc5 61. Nf5 Nxg4
62. Bf3 h5 63. Bxg4 hxg4 64. h5 Bf8 65. Kf2 Ka7 66. Kg3 Kxa6 67. Kxg4 f6 68.
Nd4 Kb6 69. Kf5 Bh6 70. Kxf6 Kc7 71. Kg6 Bc1 72. Ne6+ Kd6 73. Ng5 Bxg5 74. Kxg5
Ke7 1/2-1/2

[Event "Capablanca Memorial Elite 37th"]
[Site "Havana"]
[Date "2002.05.09"]
[Round "4"]
[White "Morovic Fernandez, Ivan"]
[Black "Nataf, Igor Alexandre"]
[Result "0-1"]
[WhiteElo "2556"]
[BlackElo "2567"]
[Annotator "Rogozenco,D"]
[PlyCount "66"]
[EventDate "2002.05.06"]
[EventType "tourn"]
[EventRounds "9"]
[EventCountry "CUB"]
[EventCategory "13"]
[SourceTitle "CBM 089"]
[Source "ChessBase"]
[SourceDate "2002.08.12"]
[SourceVersion "1"]
[SourceVersionDate "2002.08.12"]
[SourceQuality "1"]

1. e4 {Cifuentes Parada} c5 2. Nf3 Nc6 3. d4 cxd4 4. Nxd4 Nf6 5. Nc3 e5 6. Ndb5
d6 7. Bg5 a6 8. Na3 b5 9. Bxf6 gxf6 10. Nd5 Bg7 11. Bd3 Ne7 12. Nxe7 Qxe7 13.
c4 f5 14. O-O O-O 15. Qf3 {One of the sharpest lines in Sveshnikov Sicilian.}
bxc4 16. Nxc4 d5 17. exd5 e4 18. Qe3 Bb7 19. d6 Qf6 20. Bc2 f4 21. Qh3 Rac8 {
Up to this moment last several moves were more or less forced. Now White has
to choose between two continuations.} 22. b3 (22. Bb3 {Is the alternative.
Black seems to be fine here. A recent examples which shows Black's potential:}
Rc5 23. Rad1 Rg5 (23... Rd8 $5 {Cifuentes Parada} 24. d7 Bd5 25. Qh5 Rxd7 26.
Nb6 Qxb6 27. Rxd5 Rcxd5 28. Bxd5 Qb5 $15) 24. Rd2 {'!' Cifuentes Parada.
Cifuentes Parada: 'defending on g2!'} (24. d7 $6 {Cifuentes Parada} e3 $1 25.
fxe3 Bxg2 26. Qxg2 Rxg2+ 27. Kxg2 Qg6+ 28. Kh1 Qe4+ 29. Kg1 f3 $1 $40 30. Kf2
Rd8 31. Rg1 Qh4+ 32. Rg3 Qxh2+ 33. Kxf3 Kf8 34. Rdg1 Qh5+ 35. Kf2 Bf6 $17 36.
Rg8+ Ke7 37. Rxd8 Bh4+ 38. Kg2 Kxd8 39. Ba4 Kc7 40. Rc1 Qg4+ 41. Kh2 Qg3+ 42.
Kh1 Qf3+ {0-1 Moraru,M-Rogozenko,D/Bucarest 1998}) 24... Rd8 $1 (24... Bd5 $2 {
Cifuentes Parada} 25. Nb6 Bxb3 26. Nd7 Qe6 27. Qxe6 Bxe6 28. Nxf8 Bxf8 29. d7
$18) 25. d7 (25. Re1 {Cifuentes Parada} Qg6 $1 26. g3 e3 27. fxe3 fxg3 $17)
25... Bd5 26. Na5 {'!' Cifuentes Parada.} (26. Rfd1 $2 {Cifuentes Parada} Be6
$1 27. Qc3 Qg6 $19) 26... Bxb3 27. Nxb3 Qg6 28. g3 (28. Rc1 $1 {Cifuentes
Parada} Rh5 (28... f3 {Cifuentes Parada} 29. g3 Rh5 30. Rc8 Bf6 31. Qf1 Qg4 32.
Rd6 Be7 33. Rxd8+ Bxd8 34. Nd2 $16) 29. Rc8 Bf6 30. Qc3 Qg5 31. Rxd8+ Bxd8 $13)
28... Rh5 29. Qg2 f3 30. Qh1 a5 $19 {0-1 Galkin,A-Volzhin,A/Dubai UAE 2002 (49)
} 31. Rfd1 a4 32. Rd6 Qg4 33. Nd2 Rh6 34. Nc4 Rxd6 35. Rxd6 Qg5 $19 {0-1
Galkin,A-Volzhin,A/Dubai open 2002 (49)}) 22... Qg5 (22... Qg6 $5 23. Rad1 f5
$2 (23... Rc5 {leads to unclear positions. In my opinion Black is okay. Here
is an example of wrong evaluation:} 24. d7 Rh5 25. Qxh5 Qxh5 26. d8=Q Rxd8 27.
Rxd8+ Bf8 28. Nd6 $2 {+/- Illescas. In fact White is much worse after} f3 $1)
24. d7 Rcd8 25. Rd6 Rf6 26. Rfd1 Qg5 27. b4 f3 28. Bb3 Kf8 29. Ne3 {1-0 Senff,
M-Halkias,S/Yerevan 2000}) (22... Rc5 23. f3 $1) 23. Rad1 f5 24. d7 (24. b4 Kh8
25. Bb3 Bc6 26. d7 Rcd8 $13 {0-1 Gurevich,I-Illescas Cordoba,M/Biel (izt) 1993
(36)}) 24... Rcd8 25. Nd6 (25. Rd6 {+/=, Illescas} Rf7 (25... f3 26. g3) 26.
Rfd1 Bf8 27. Ne5 Re7 $13 {(=/+ Cifuentes Parada)} (27... Rg7 28. Rb6 $16))
25... Ba8 {'!' Cifuentes Parada. An interesting idea, which worked out very
well in this game.} (25... Bc6 {Looks more logical to attack pawn d7, but the
bishop on c6 is more exposed.} 26. f3 {'!' Cifuentes Parada.} e3 {'?'
Cifuentes Parada.} (26... Rxd7 27. fxe4 f3 28. Qxf3 Rxd6 (28... fxe4 {
Cifuentes Parada} 29. Nxe4 $1 $16) 29. Rxd6 fxe4 30. Qxf8+ Bxf8 31. Rxc6 {
This is the difference with the bishop on c6.} Qe3+ 32. Kh1 Qe2 33. Rcf6 Bc5
$16 (33... Qxc2 34. Rxf8+ Kg7 35. R8f7+ Kg8 36. Re7 $16) (33... Bb4 34. R6f2
Qe3 35. Rf4 $18)) (26... exf3 $142 {Cifuentes Parada} 27. Bxf5 Qxg2+ 28. Qxg2
fxg2 29. Rxf4 Kh8 (29... Be5 {Cifuentes Parada} 30. Rc4 Bxd7 31. Nb7 Rxf5 32.
Nxd8 Rf1+ 33. Rxf1 gxf1=Q+ 34. Kxf1 Bb5 35. h3 Bxc4+ 36. bxc4 $16) 30. Rc4 Bxd7
31. Nb7 Rb8 32. Rxd7 Rxf5 33. Nd6 Rf1+ 34. Kxg2 Rbf8 35. Ne4 $14) 27. Bxf5 Rxf5
28. Qxf5 Qxf5 29. Nxf5 Bf8 (29... Bb5 {Cifuentes Parada} 30. a4 $18) 30. Nd4
Bc5 31. Ne2 Bb5 32. Rd5 Bb6 33. Re1 Ba5 34. Rc1 {1-0 Shirov,A-Arizmendi
Martinez,J/Cala Galdana 2001}) (25... Rxd7 $2 {Cifuentes Parada} 26. Bxe4 $1)
26. f3 $2 {Following Shirov's example from the above mentioned game. Only that
here the bishop is on a8 instead of c6, which makes an important difference.} (
26. b4 $1 {The critical move. Nataf probably had something prepared. However,
it is not easy for Black to find a way. For instance:} Kh8 (26... Rxd7 27. Bb3+
(27. Nxe4 $2 Bxe4 28. Rxd7 Bxc2) 27... Kh8 28. Nxe4 $1 fxe4 29. Rxd7 {Black's
compensation is not enough.}) 27. Bb3 e3 {Cifuentes Parada} (27... Qg6 28. Ne8
Be5 29. Rd6 $1 (29. Qh4 e3 30. f3 e2 31. Qxd8 Rg8 32. Bxg8 Bxf3 $3 $19) 29...
Bxd6 30. Qc3+ Rf6 31. Nxd6 {again looks problematic for Black.}) 28. fxe3 fxe3
29. Rxf5 Rxf5 30. Nxf5 e2 31. Re1 Bxg2 (31... Rf8 $5 {Cifuentes Parada Fritz7})
32. Qxg2 Qxf5 33. Kh1 Rxd7 34. Rxe2 Qb1+ 35. Qg1 Qxg1+ 36. Kxg1 Bc3 37. a3 Rd2
$11) 26... Rxd7 27. fxe4 f3 $1 {Very nice idea. Black opens the diagonal c1-h6,
in some lines the fifth rank and the f-file. Suddenly White is in big trouble.}
28. Nxf5 (28. Qxf3 Rxd6 $1 (28... fxe4 $2 29. Nxe4 Rxd1 30. Rxd1 Qg6 31. Qe2)
29. Rxd6 fxe4 {[%cal Gg5c5] abd White doesn't have 30.Qxf8 followed by 31.Rxc6.
}) (28. Rxf3 Rxd6 29. Rxd6 Qc1+ 30. Rf1 (30. Bd1 Qc5+ $19) 30... Qxc2 $17)
28... Rxd1 $19 29. Bxd1 (29. Rxd1 Rxf5 30. exf5 Qe3+ 31. Kh1 fxg2+ $19) 29...
fxg2 30. Rf2 Bxe4 31. Ng3 Rxf2 32. Qe6+ (32. Kxf2 Bd4+) 32... Kh8 33. Qxe4 Qc5
0-1

[Event "EU-ch 2nd"]
[Site "Ohrid"]
[Date "2001.06.12"]
[Round "11"]
[White "Motylev, Alexander"]
[Black "Reinderman, Dimitri"]
[Result "1/2-1/2"]
[WhiteElo "2601"]
[BlackElo "2539"]
[Annotator "Rogozenco,D"]
[PlyCount "66"]
[EventDate "2001.06.01"]
[EventType "swiss"]
[EventRounds "13"]
[EventCountry "YUG"]
[SourceTitle "CBM 084"]
[Source "ChessBase"]
[SourceDate "2001.09.13"]
[SourceVersion "1"]
[SourceVersionDate "2001.09.13"]
[SourceQuality "1"]

1. e4 c5 2. Nf3 Nc6 3. d4 cxd4 4. Nxd4 Nf6 5. Nc3 e5 6. Ndb5 d6 7. Bg5 a6 8.
Na3 b5 9. Bxf6 gxf6 10. Nd5 f5 11. Bd3 Be6 12. O-O Bxd5 13. exd5 Ne7 14. c3 Bg7
15. Qh5 e4 16. Bc2 Qc8 17. Rae1 O-O 18. Kh1 Ng6 {The right move order.} ({
Immediate} 18... Re8 {proved to be wrong:} 19. f3 b4 20. cxb4 Bxb2 21. fxe4
Bxa3 22. Ba4 $1 $18 {1-0 Smikovski,I-Shariyazdanov,A/Samara 2000 (26)}) 19. Bb1
Re8 20. f3 (20. Nc2 $5 $146 {is White's newest attempt to fight for advantage.}
f4 21. Nb4 Re5 22. Qd1 Qc4 23. b3 $1 Qxc3 24. Nc6 $16 {1-0 Nijboer,F-Czebe,A/
Ohrid 2001 (41)}) 20... b4 21. cxb4 Bxb2 22. Nc2 (22. fxe4 Bxa3 23. exf5 Rxe1
24. Rxe1 Qc3 25. Rf1 Qc4 $11 {1/2-1/2 Van der Weide,K-Nunn,J/Paignton 2000 (39)
}) 22... Bc3 23. Re2 Qc4 24. fxe4 Rxe4 25. Ref2 Re5 26. Qh3 f4 27. Na3 Qxb4 28.
Bxg6 fxg6 29. Nc2 Qb2 30. Qd3 Rae8 $146 {Amazing that only this move is a
novelty. Motylev repeated a game of his teammate V.Bologan played one month
before present game in the Russian Team Championship. Maybe he had a novelty
in store, but Reinderman was the first one to deviate.} (30... Ba5 31. Nd4 Qc3
32. Qxc3 Bxc3 33. Ne6 h5 34. Rxf4 Rb8 35. R4f3 $14 {/=. 1/2-1/2 Bologan,
V-Filippov,V/Tomsk RUS 2001 (57)}) 31. Qxa6 Bd4 $1 {Black' centralized pieces
guarantee compensation for pawn.} 32. Nxd4 (32. Rxf4 $5 Qxc2 (32... Bc5 33. Qd3
Qxa2 34. Qf3 Qa8 $11) 33. Rxd4 Rf5 $44) 32... Qxd4 33. Rxf4 Qxd5 1/2-1/2

[Event "Corus-B"]
[Site "Wijk aan Zee"]
[Date "2000.01.25"]
[Round "7"]
[White "Nijboer, Friso"]
[Black "Reinderman, Dimitri"]
[Result "1-0"]
[WhiteElo "2540"]
[BlackElo "2561"]
[Annotator "Rogozenco,D"]
[PlyCount "105"]
[EventDate "2000.01.18"]
[EventType "tourn"]
[EventRounds "11"]
[EventCountry "NED"]
[EventCategory "11"]
[SourceTitle "CBM 075"]
[Source "ChessBase"]
[SourceDate "2000.04.05"]
[SourceVersion "1"]
[SourceVersionDate "2000.04.05"]
[SourceQuality "1"]

1. e4 c5 2. Nf3 Nc6 3. d4 cxd4 4. Nxd4 Nf6 5. Nc3 e5 6. Ndb5 d6 7. Bg5 a6 8.
Na3 b5 9. Bxf6 gxf6 10. Nd5 f5 11. Bd3 Be6 12. Qh5 Rg8 13. c3 Rxg2 (13... Bxd5
14. exd5 Rg5 15. Qxh7 Ne7 16. g3 {After this move, the position transposes to
another line - 13.g3 Rg5 14. Qh7 Bd5 15.ed5 Ne7.} (16. Nc2 $5) 16... Nxd5 17.
Nc2 $13 {0-1 Bosch,J-Nijboer,F/Wijk aan Zee 1999/ (40)}) 14. Qf3 Rg4 15. exf5
Bxd5 16. Qxd5 Ne7 17. Qb7 {This interesting line is not very well developed
yet, but both players must have been well prepared, because each of them had
this position in their own practice before. The position is not easy to
evaluate (there are different opinions about it, e.g. Tiviakov thinks Black is
much better, while Rodriguez says the opposite), but it's clear that every
mistake can have unpleasant consequences. In my opinion the position is
balanced and close to equal.} Bh6 (17... Qb8 18. Nxb5 $1 Qxb7 19. Nxd6+ Kd7 20.
Nxb7 Nc6 21. b4 {and the question is whether Black is able to get suficient
counterplay to save the game or not, Rodriguez,A-Cherniaev,A/Manresa 1997.}) (
17... Qc8 $5 {Cherniaev,A}) 18. f6 Ng8 (18... Ng6 $6 19. Rd1 Nh4 20. Be2 Rg6
21. Qc6+ Kf8 22. Rxd6 Qe8 23. Qxe8+ Kxe8 24. Bd3 Rg4 25. Rxa6 Rd8 26. Ke2 Ng2
27. Bxb5+ Kf8 28. Rd1 e4 29. Rxd8# {1-0 Van der Wiel,J-Reinderman,D/Brussels
1993 (29)}) 19. Qc6+ Kf8 20. Rd1 Rf4 {All this was recommended by Amador
Rodriguez in his comments to the own game (White) against Timoshenko Geo/Ubeda,
1998.} (20... Nxf6 $2 21. Bf5 Rf4 22. Rxd6 Qb8 23. Rxf6 Bg5 24. Rg1 Bxf6 25.
Qxf6 b4 26. Nc4 bxc3 27. Nxe5 Qb7 28. Qd6+ {1-0 Rosen,W-Maugg,L/Germany 1999 
(28)}) 21. Bxh7 $1 {This is stronger, but still I believe Black has no real
prblems.} (21. Be4 {The move recommended by Rodriguez.} Nxf6 22. Bg2 Ra7 {
Black is OK.} 23. Rxd6 (23. Qxd6+ Qxd6 24. Rxd6 Ke7 $15) 23... Rd7 24. Rxd7
Qxd7 25. Qc5+ (25. Qxa6 $2 Ra4 $19) (25. Qxd7 Nxd7 $15) 25... Kg8 {and Black
has a good position} (25... Qe7 26. Qc8+ Kg7 $13) 26. Qxe5 $2 Rxf2 $1 27. Qg3+
Ng4 $19) 21... Rxf6 22. Bxg8 (22. Be4 Ra7 {/\23. ...Ne7} 23. Bg2 Ne7 24. Qe4 d5
25. Qh7 Bg7 {and White is the one who might have problems here.}) 22... Kxg8
23. Rg1+ (23. c4 b4 24. Nc2 a5 $13) 23... Kf8 24. Rg3 Qc8 25. Qxc8+ Rxc8 26.
Nc2 Rc4 (26... Bf4 27. Rh3 Rc4 28. Nb4 Rg6 $13) 27. Nb4 Rh4 28. Nd5 Rf5 (28...
Rg6 29. Rxg6 fxg6 30. Nc7 Ke7 31. Nxa6 Kd7 $1 $13) 29. Rg8+ $1 {After this
nice blow, the resulting position is in White's favour.} Kxg8 30. Ne7+ Kh7 31.
Nxf5 Rxh2 32. Rxd6 Bc1 33. b3 Rh3 (33... Rh5 34. Ng3 $5 (34. Rf6 Kg8 35. Kd1
$14) 34... Rh6 35. Rxh6+ (35. Rd7 $14) 35... Kxh6 36. Kd1 (36. c4 $2 bxc4 37.
bxc4 Ba3 38. Ne4 f5 $11) 36... Bf4 37. Ne4 $16) 34. Rxa6 Rxc3 35. Nd6 $16 Bb2
36. Nxf7 Rc2 37. Ng5+ Kg7 38. Ne4 b4 39. Kd1 Rc1+ 40. Ke2 Ba3 41. Rd6 $18 Bb2
42. Kf3 Bd4 43. Kg4 Kf7 44. Kf5 Ke7 45. Rd5 Rf1 46. Rb5 Bxf2 47. Rb7+ Kd8 48.
Ke6 Bh4 49. Rh7 Rf4 50. Nd6 Rf6+ 51. Kxe5 Bg3+ 52. Kxf6 Be5+ 53. Ke6 1-0